مكتبة جامعة عجلون الوطنية

فهرس بحث المكتبة

The Status Quo Of Reproductive Health Programs in Relation to Persons With Disabilities in the Hashemite Kingdom Of Jordan (Record no. 3148)

MARC details
000 -LEADER
fixed length control field 00753nam a2200205Ii 4500
003 - CONTROL NUMBER IDENTIFIER
control field JO-AjNU
008 - FIXED-LENGTH DATA ELEMENTS--GENERAL INFORMATION
fixed length control field 230606s9999||||xx |||||||||||||| ||und||
017 ## - COPYRIGHT OR LEGAL DEPOSIT NUMBER
Copyright or legal deposit number 2017/8/4372
040 ## - CATALOGING SOURCE
Original cataloging agency JO-AjNU
Language of cataloging eng
Description conventions rda
Transcribing agency JO-AjNU
041 ## - LANGUAGE CODE
Language code of text/sound track or separate title eng
050 14 - LIBRARY OF CONGRESS CALL NUMBER
Classification number HQ766.5.J6 2017
100 3# - MAIN ENTRY--PERSONAL NAME
Personal name Submitted by: PKF ProGroup,
Relator term author
9 (RLIN) 6075
245 04 - TITLE STATEMENT
Title The Status Quo Of Reproductive Health Programs in Relation to Persons With Disabilities in the Hashemite Kingdom Of Jordan
264 31 - PRODUCTION, PUBLICATION, DISTRIBUTION, MANUFACTURE, AND COPYRIGHT NOTICE
Place of production, publication, distribution, manufacture Amman: Higher Counil for the Rights of Persons With Disabilities
300 ## - PHYSICAL DESCRIPTION
Extent 134P
336 ## - CONTENT TYPE
Content type term text
Content type code txt
Source rdacontent
337 ## - MEDIA TYPE
Media type term unmediated
Media type code n
Source rdamedia
338 ## - CARRIER TYPE
Carrier type term volume
Carrier type code nc
Source rdacarrier
650 #4 - SUBJECT ADDED ENTRY--TOPICAL TERM
Topical term or geographic name entry element Jordan - Reproductive Health - Persons with Disabilities
9 (RLIN) 6076
Holdings
Withdrawn status Lost status Source of classification or shelving scheme Damaged status Not for loan Home library Current library Shelving location Date acquired Total Checkouts Full call number Barcode Date last seen Price effective from Koha item type
    Library of Congress Classification   Not For Loan مكتبة جامعة عجلون الوطنية مكتبة جامعة عجلون الوطنية المراجع 06/06/2023   HQ766.5.J6 2017 E3151 06/06/2023 06/06/2023 Reference